000 00628nam a2200181 4500
001 4098
005 20181127172618.0
020 0 0 _a9780143063223
090 0 0 _aFIC B7111f
100 0 0 _aBond, Ruskin.
245 0 0 _aA flight of pigeons /
_b
_cRuskin Bond.
_h
260 0 0 _aLondon :
_bPenguinbooks,
_c2002.
300 0 0 _aviii, 135 p. ; 135 cm.
650 0 0 _aIndia
_x
650 0 0 _aIndia --Shahjahanpur (District)
_x
650 0 0 _aSepoy Rebellion (India : 1857-1858)
_x
856 _a
_uhttp://books.google.bt/books?vid=ISBN9780143063223&printsec=frontcover&redir_esc=y#v=onepage&q&f=true
_yLink to Google Books copy(incomplete version).
_z
_3
999 _c3357
_d3357